<?xml version="1.0" encoding="UTF-8"?>
<collection xmlns="http://www.loc.gov/MARC21/slim">
 <record>
  <leader>02448pamaa2200229   4500</leader>
  <controlfield tag="001">0000050815</controlfield>
  <controlfield tag="005">20130117090000.0</controlfield>
  <controlfield tag="008">121121s2008                        eng       </controlfield>
  <datafield tag="020" ind1="0" ind2="0">
   <subfield code="a">9780787994426 (pbk.) </subfield>
  </datafield>
  <datafield tag="090" ind1="0" ind2="0">
   <subfield code="a">LB1044.87 </subfield>
   <subfield code="b">SMI 2008</subfield>
  </datafield>
  <datafield tag="100" ind1="1" ind2="0">
   <subfield code="a">Smith </subfield>
  </datafield>
  <datafield tag="245" ind1="1" ind2="0">
   <subfield code="a">Conquering the content : </subfield>
   <subfield code="b">a step-by-step guide to online course design  </subfield>
   <subfield code="c">Robin M. Smith.</subfield>
  </datafield>
  <datafield tag="250" ind1="0" ind2="0">
   <subfield code="a">1st ed.</subfield>
  </datafield>
  <datafield tag="260" ind1="0" ind2="0">
   <subfield code="a">San Francisco: </subfield>
   <subfield code="b">Jossey-Bass, </subfield>
   <subfield code="c">2008.</subfield>
  </datafield>
  <datafield tag="300" ind1=" " ind2=" ">
   <subfield code="a">xv, 153 p.: </subfield>
   <subfield code="b">ill.: </subfield>
   <subfield code="b">24 cm.</subfield>
  </datafield>
  <datafield tag="440" ind1="0" ind2="0">
   <subfield code="a">Jossey-Bass guides to online teaching and learning</subfield>
  </datafield>
  <datafield tag="501" ind1="0" ind2="0">
   <subfield code="a">FHLS</subfield>
  </datafield>
  <datafield tag="504" ind1="0" ind2="0">
   <subfield code="a">Includes bibliographical references (p. 147-148) and index</subfield>
  </datafield>
  <datafield tag="505" ind1="0" ind2="0">
   <subfield code="a">Design with learning in mind -- Learning in the twenty-first century -- Advantages to having a course online -- How Web-based learning is the same as classroom learning -- Learning styles -- Think &quot;learning,&quot; not &quot;teaching&quot; -- The online student?s environment -- How Web-based learning is different from classroom learning -- Action steps -- 2. Design with the future in mind -- It?s okay to be uncomfortable -- The future will be here sooner than you think -- Creating the outline -- The learning guide -- The modules -- Sile systems -- Managing course structure -- Action steps -- 3. Design with assessment in mind -- Self-assessment -- Authentic assessments -- Quizzes -- Teaching for the long term -- Questions for first-time Web-based instructors -- Action steps -- 4. Design with organization in mind -- Learning guide development -- Elements of the learning guide -- Prioritizing in creating your course -- Resource gathering -- Web-based aspects of the course -- Choosing the most important topics -- Instructional guidance -- Actions steps -- 5. Design with content in mind -- Introduction to chunking -- How the brain processes information -- Chunking for a text-based lecture or content presentation -- Bridges -- Active learning opportunities -- Prioritizing course development and revisions -- Evaluating the effectiveness of chunking -- Action steps -- 6. Design with process in mind -- Best practices - Design using someone else?s mind -- Action step -- 7. Design with navigation in mind -- Student access to module components -- Continuous improvement -- Documenting for revisions -- Link rot -- Where to go from here -- Action steps -- What you have conquered!</subfield>
  </datafield>
  <datafield tag="650" ind1="0" ind2="0">
   <subfield code="a">College teaching </subfield>
  </datafield>
  <datafield tag="650" ind1="0" ind2="0">
   <subfield code="a">Web-based instruction -- </subfield>
   <subfield code="x">Design </subfield>
  </datafield>
  <datafield tag="901" ind1=" " ind2=" ">
   <subfield code="u">http://www.josseybass.com</subfield>
  </datafield>
 </record>
</collection>
